[Event "Foment Martinenc op-C 23rd"]
[Site "Barcelona"]
[Date "2023.06.03"]
[Round "7"]
[White "Sanchez Rios, Hilario"]
[Black "Puiggene Pascual, Arnau"]
[Result "1-0"]
[WhiteElo "1452"]
[BlackElo "1591"]
[PlyCount "86"]
[EventDate "2023.04.22"]
[EventType "swiss"]
[EventRounds "9"]
[EventCountry "ESP"]
[SourceTitle "EXT 2024"]
[Source "ChessBase"]
[SourceDate "2023.10.10"]
[SourceVersion "1"]
[SourceVersionDate "2023.10.10"]
[SourceQuality "1"]

1. d4 d5 2. Bf4 c5 3. c3 Nc6 4. Nf3 e6 5. e3 Nf6 6. h3 Bd6 7. Bh2 Bxh2 8. Rxh2 cxd4 9. exd4 Qc7 10. Nbd2 Bd7 11. Bb5 a6 12. Bxc6 Bxc6 13. Ne5 Nd7 14. f4 Nf6 15. g3 Ne4 16. Nxe4 dxe4 17. Nxc6 Qxc6 18. Qe2 b5 19. 0-0-0 Qd5 20. Kb1 0-0 21. Re1 f5 22. g4 a5 23. g5 Rfb8 24. h4 b4 25. c4 Qxd4 26. Rd1 Qa7 27. Qc2 Rd8 28. Rhd2 Qc7 29. Rxd8+ Rxd8 30. Rxd8+ Qxd8 31. c5 Qc7 32. c6 Kf7 33. h5 Ke7 34. Qc5+ Qd6 35. Qa7+ Kd8 36. Qa8+ Kc7 37. Qb7+ Kd8 38. Qa8+ Ke7 39. Qb7+ Ke8 40. Qc8+ Qd8 41. Qxe6+ Qe7 42. Qg8+ Qf8 43. Qxf8+ Kxf8 1-0

[Event "Foment Martinenc op-C 23rd"]
[Site "Barcelona"]
[Date "2023.05.13"]
[Round "4"]
[White "Sanchez Rios, Hilario"]
[Black "Fresneda Arias, Esther"]
[Result "1-0"]
[WhiteElo "1452"]
[BlackElo "1362"]
[PlyCount "71"]
[EventDate "2023.04.22"]
[EventType "swiss"]
[EventRounds "9"]
[EventCountry "ESP"]
[SourceTitle "EXT 2024"]
[Source "ChessBase"]
[SourceDate "2023.10.10"]
[SourceVersion "1"]
[SourceVersionDate "2023.10.10"]
[SourceQuality "1"]

1. e4 e5 2. Nf3 Nc6 3. d4 exd4 4. Bc4 h6 5. 0-0 Bc5 6. c3 a6 7. cxd4 Ba7 8. b3 b5 9. Bd5 Nge7 10. Bxc6 Nxc6 11. d5 Ne7 12. Bb2 0-0 13. d6 Ng6 14. dxc7 Qxc7 15. Nc3 Bb7 16. Rc1 Qd8 17. Nd5 Bc6 18. Re1 Re8 19. Ba3 a5 20. Bd6 b4 21. Nc7 Rc8 22. Nxe8 Qxe8 23. e5 Nf4 24. Qd2 g5 25. h4 Bxf3 26. gxf3 Nh3+ 27. Kh2 Nxf2 28. hxg5 Rxc1 29. Rxc1 Qe6 30. Rc8+ Kg7 31. gxh6+ Kh7 32. Qc2+ Kxh6 33. Rh8+ Kg5 34. Rg8+ Kh6 35. Bf8+ Kh5 36. Qh7+ 1-0

[Event "Foment Martinenc op-C 23rd"]
[Site "Barcelona"]
[Date "2023.05.06"]
[Round "3"]
[White "Membrives Cano, Diego"]
[Black "Sanchez Rios, Hilario"]
[Result "0-1"]
[WhiteElo "1301"]
[BlackElo "1452"]
[PlyCount "45"]
[EventDate "2023.04.22"]
[EventType "swiss"]
[EventRounds "9"]
[EventCountry "ESP"]
[SourceTitle "EXT 2024"]
[Source "ChessBase"]
[SourceDate "2023.10.10"]
[SourceVersion "1"]
[SourceVersionDate "2023.10.10"]
[SourceQuality "1"]

1. d4 d6 2. Nf3 g6 3. e3 Bg7 4. c4 Bd7 5. Nc3 Nc6 6. Be2 e6 7. 0-0 Nge7 8. a3 Nf5 9. b4 0-0 10. Rb1 a6 11. Bb2 Re8 12. h4 Nxh4 13. d5 Nxf3+ 14. Bxf3 Ne5 15. dxe6 Nxf3+ 16. Qxf3 Bxe6 17. Qxb7 Bxc4 18. Rfd1 Qd7 19. Nd5 Bxd5 20. Rxd5 Reb8 21. Rxd6 Qxd6 22. Qf3 Rd8 23. Qe4 0-1

[Event "Roncana op-B 14th"]
[Site "Santa Eulalia de Roncana"]
[Date "2022.11.12"]
[Round "5"]
[White "Sanchez Rios, Hilario"]
[Black "Garcia Torres, Adolfo"]
[Result "1-0"]
[WhiteElo "1367"]
[BlackElo "1446"]
[PlyCount "124"]
[EventDate "2022.10.08"]
[EventType "swiss"]
[EventRounds "8"]
[EventCountry "ESP"]
[SourceTitle "EXT 2024"]
[Source "ChessBase"]
[SourceDate "2023.10.10"]
[SourceVersion "1"]
[SourceVersionDate "2023.10.10"]
[SourceQuality "1"]

1. e4 e5 2. Nf3 Nf6 3. Nxe5 d6 4. Nf3 Nxe4 5. Nc3 Nxc3 6. dxc3 Be7 7. Be3 Nc6 8. Bd3 Bg4 9. h3 Bxf3 10. Qxf3 Ne5 11. Qxb7 Qb8 12. Bb5+ Kf8 13. Bc6 Qxb7 14. Bxb7 Rb8 15. Be4 Rxb2 16. Bxa7 c5 17. 0-0 g6 18. Rfb1 Rxb1+ 19. Rxb1 Kg7 20. Rb8 Rxb8 21. Bxb8 Nc4 22. a4 Bd8 23. Bd3 d5 24. Bxc4 dxc4 25. Ba7 Ba5 26. Bxc5 Bxc3 27. Bb6 Kf6 28. a5 Bxa5 29. Bxa5 Ke5 30. c3 f5 31. Bb6 Ke4 32. Kf1 Kd3 33. Bd4 Kd2 34. f4 Kd3 35. Kf2 Kd2 36. Kf3 Kd3 37. Kg3 Ke4 38. Be5 h6 39. Kf2 h5 40. h4 Kd3 41. Kf3 Kd2 42. Kf2 Kd3 43. Ke1 Ke3 44. g3 Kf3 45. Bf6 Kxg3 46. Bg5 Kf3 47. Kd2 Ke4 48. Ke2 Kd5 49. Ke3 Kc5 50. Bf6 Kd5 51. Bg7 Kc5 52. Bf8+ Kd5 53. Be7 Ke6 54. Bd8 Kd5 55. Bb6 Kc6 56. Ba5 Kd5 57. Bb4 Ke6 58. Kd4 g5 59. fxg5 f4 60. Ke4 f3 61. Kxf3 Kf5 62. Ke3 Ke5 1-0

[Event "Llinars del Valles op 1st"]
[Site "Llinars del Valles"]
[Date "2021.07.03"]
[Round "9"]
[White "Costa Trave, Jaume"]
[Black "Sanchez Rios, Hilario"]
[Result "1-0"]
[WhiteElo "1709"]
[BlackElo "1319"]
[PlyCount "97"]
[EventDate "2021.06.25"]
[EventType "swiss"]
[EventRounds "9"]
[EventCountry "ESP"]
[SourceTitle "CBM 203 Extra"]
[Source "ChessBase"]
[SourceDate "2021.09.30"]
[SourceVersion "1"]
[SourceVersionDate "2021.09.30"]
[SourceQuality "1"]

1. f4 b6 2. e4 Bb7 3. d3 c5 4. Nf3 e6 5. Nc3 Nf6 6. Be3 d5 7. e5 Ng4 8. Bd2 d4 9. Ne4 Bxe4 10. dxe4 Be7 11. Qe2 0-0 12. 0-0-0 Nc6 13. h3 Nh6 14. g4 f5 15. exf6 gxf6 16. e5 fxe5 17. Nxe5 Nxe5 18. Qxe5 Qd5 19. Qxd5 exd5 20. f5 Nf7 21. Bg2 Rad8 22. h4 Ne5 23. Rde1 Nc6 24. Re6 Rf6 25. Rhe1 Kf7 26. Bh3 Rxe6 27. fxe6+ Kg7 28. g5 Rf8 29. h5 Rf3 30. Bg2 Rf5 31. Rf1 Rxf1+ 32. Bxf1 Bd6 33. Bb5 Ne7 34. Be8 Nf5 35. Kd1 Ne3+ 36. Ke2 Be7 37. g6 hxg6 38. Bxg6 Kf6 39. Bf7 Bf8 40. c3 Bh6 41. cxd4 cxd4 42. Kd3 Nf5 43. Bxh6 Nxh6 44. Kxd4 Nf5+ 45. Kxd5 Ne3+ 46. Kc6 Nc4 47. Kb7 Nd6+ 48. Kxa7 Nxf7 49. exf7 1-0

[Event "Llinars del Valles op 1st"]
[Site "Llinars del Valles"]
[Date "2021.07.01"]
[Round "7"]
[White "Sanchez Rios, Hilario"]
[Black "Febrero Perez, Lluis"]
[Result "1-0"]
[WhiteElo "1319"]
[BlackElo "1385"]
[PlyCount "97"]
[EventDate "2021.06.25"]
[EventType "swiss"]
[EventRounds "9"]
[EventCountry "ESP"]
[SourceTitle "CBM 203 Extra"]
[Source "ChessBase"]
[SourceDate "2021.09.30"]
[SourceVersion "1"]
[SourceVersionDate "2021.09.30"]
[SourceQuality "1"]

1. e4 e5 2. Nf3 Nc6 3. Bc4 Be7 4. d4 exd4 5. c3 d6 6. cxd4 Bf6 7. 0-0 Nge7 8. d5 Ne5 9. Nxe5 Bxe5 10. f4 Bf6 11. f5 c6 12. Nc3 Qb6+ 13. Rf2 Bd4 14. Qf3 Qc5 15. Bb3 cxd5 16. Nxd5 Nxd5 17. Bxd5 Bxf2+ 18. Qxf2 Qxf2+ 19. Kxf2 Rb8 20. g4 b6 21. Bf4 Ke7 22. Rc1 Bb7 23. Rc7+ Kd8 24. Rxb7 Rxb7 25. Bxb7 Kd7 26. b4 Rb8 27. Bd5 f6 28. b5 Ke7 29. a4 Rc8 30. Bc6 a6 31. Be3 axb5 32. axb5 Rb8 33. h4 g6 34. fxg6 hxg6 35. Ke2 Ke6 36. Bd4 f5 37. Bd5+ Kd7 38. exf5 gxf5 39. gxf5 Re8+ 40. Be6+ Kc7 41. Kf3 Ra8 42. Bd5 Ra3+ 43. Be3 Ra1 44. Kg4 Ra3 45. Bf4 Rd3 46. Bc6 Rd1 47. f6 Rg1+ 48. Kf5 Rg8 49. Ke6 1-0

[Event "Llinars del Valles op 1st"]
[Site "Llinars del Valles"]
[Date "2021.06.26"]
[Round "2"]
[White "Puig Mata, Ferran"]
[Black "Sanchez Rios, Hilario"]
[Result "0-1"]
[WhiteElo "1549"]
[BlackElo "1319"]
[PlyCount "86"]
[EventDate "2021.06.25"]
[EventType "swiss"]
[EventRounds "9"]
[EventCountry "ESP"]
[SourceTitle "CBM 203 Extra"]
[Source "ChessBase"]
[SourceDate "2021.09.30"]
[SourceVersion "1"]
[SourceVersionDate "2021.09.30"]
[SourceQuality "1"]

1. d4 d5 2. Bf4 h5 3. e3 e5 4. dxe5 g5 5. e6 gxf4 6. exf7+ Kxf7 7. Qd4 Bg7 8. Qxf4+ Nf6 9. Nf3 Bh6 10. Qb4 Nc6 11. Qc3 Bg7 12. Nbd2 Ne4 13. Qb3 Nxd2 14. Kxd2 Ne5 15. Rd1 Nxf3+ 16. gxf3 c6 17. Kc1 Qb6 18. Bd3 Qxb3 19. axb3 Be6 20. Rhg1 Bf6 21. Rg6 Rhg8 22. Rdg1 Rxg6 23. Rxg6 Rg8 24. Rh6 h4 25. Rh7+ Rg7 26. Rxg7+ Bxg7 27. b4 b5 28. Be2 Bf8 29. c3 Be7 30. Kd2 h3 31. f4 Bh4 32. Ke1 Kf6 33. Bh5 Ke7 34. Ke2 Kd6 35. Kf3 c5 36. Bg4 Bxg4+ 37. Kxg4 Bxf2 38. bxc5+ Kxc5 39. b4+ Kd6 40. Kxh3 Bxe3 41. Kg4 Bd2 42. h4 Bxc3 43. Kg5 d4 0-1

[Event "Llinars del Valles op 1st"]
[Site "Llinars del Valles"]
[Date "2021.06.25"]
[Round "1"]
[White "Sanchez Rios, Hilario"]
[Black "Boix Redorta, Roc"]
[Result "0-1"]
[WhiteElo "1319"]
[BlackElo "1770"]
[PlyCount "90"]
[EventDate "2021.06.25"]
[EventType "swiss"]
[EventRounds "9"]
[EventCountry "ESP"]
[SourceTitle "CBM 203 Extra"]
[Source "ChessBase"]
[SourceDate "2021.09.30"]
[SourceVersion "1"]
[SourceVersionDate "2021.09.30"]
[SourceQuality "1"]

1. d4 Nf6 2. Bf4 d5 3. Nc3 c6 4. Qd2 Bf5 5. f3 h6 6. g4 Bh7 7. Bg2 e6 8. h3 Bd6 9. 0-0-0 b5 10. e4 Bxf4 11. Qxf4 a5 12. e5 Nfd7 13. Nge2 a4 14. Nb1 Na6 15. Nec3 Qa5 16. Qd2 b4 17. Ne2 Nb6 18. c3 Nc4 19. Qe1 Ne3 20. cxb4 Nxb4 21. Nbc3 Nxd1 22. Qxd1 Nd3+ 23. Kd2 Nf2 24. Qe1 Nxh1 25. Bxh1 Rb8 26. Qc1 0-0 27. f4 Rb6 28. Ke3 Rfb8 29. Bf3 Rxb2 30. f5 Qa6 31. Kf2 Qd3 32. fxe6 fxe6 33. Qe3 Qc4 34. Kg3 Rf8 35. Nf4 Rxf4 36. Kxf4 Rc2 37. Ne2 Rxa2 38. g5 hxg5+ 39. Kg4 Qd3 40. Qxg5 Qf5+ 41. Qxf5 Bxf5+ 42. Kh4 Rxe2 43. Bxe2 a3 44. Bg4 Bxg4 45. Kxg4 a2 0-1

[Event "Roncana op-B 13th"]
[Site "Santa Eulalia de Roncana"]
[Date "2019.09.28"]
[Round "1"]
[White "Vacas Gijon, Gabriel"]
[Black "Sanchez Rios, Hilario"]
[Result "1-0"]
[WhiteElo "1504"]
[BlackElo "1265"]
[PlyCount "127"]
[EventDate "2019.09.28"]
[EventType "swiss"]
[EventRounds "8"]
[EventCountry "ESP"]
[SourceTitle "CBM 193 Extra"]
[Source "ChessBase"]
[SourceDate "2020.01.31"]
[SourceVersion "1"]
[SourceVersionDate "2020.01.31"]
[SourceQuality "1"]

1. d4 d5 2. Nf3 Nc6 3. e3 Nf6 4. h3 g6 5. c4 e6 6. a3 b6 7. b4 dxc4 8. Bxc4 Bg7 9. 0-0 0-0 10. Bb2 Ne7 11. Nbd2 Ne8 12. Qc2 Nd6 13. Be2 Bb7 14. Rac1 c6 15. Ne5 b5 16. Bf3 Rc8 17. Nd3 Ba8 18. Nc5 Ndf5 19. Ndb3 Bh6 20. Rfe1 Bg7 21. Qe2 Nd6 22. Nd2 Rc7 23. Rc2 Nd5 24. Rec1 Nb6 25. Ncb3 Nbc4 26. Nxc4 Nxc4 27. Nd2 Nxb2 28. Rxb2 Qe7 29. Rbc2 Rfc8 30. Nb3 e5 31. dxe5 Bxe5 32. Na5 Qd7 33. Rd1 Bd6 34. Rcd2 Bh2+ 35. Kh1 Qe7 36. Kxh2 h5 37. Qd3 Kh7 38. Bxh5 Qe5+ 39. Kg1 Qxh5 40. Qe2 Qg5 41. Qg4 Qe7 42. Rd7 Qf6 43. Qd4 Qxd4 44. R1xd4 c5 45. bxc5 Rxd7 46. Rxd7 Rxc5 47. Rxf7+ Kh6 48. Rxa7 Be4 49. Nb3 Rc3 50. Nd4 Rc1+ 51. Kh2 Ra1 52. f3 Bd3 53. Rb7 Rb1 54. e4 Rb2 55. e5 Bf1 56. e6 Bxg2 57. Kg3 Bf1 58. e7 Rg2+ 59. Kf4 g5+ 60. Ke5 Re2+ 61. Kf6 Rxe7 62. Rxe7 Bxh3 63. Nf5+ Bxf5 64. Kxf5 1-0

[Event "Llinars del Valles op-B 13th"]
[Site "Llinars del Valles"]
[Date "2019.04.06"]
[Round "2"]
[White "Sanchez Rios, Hilario"]
[Black "Miro Arbelaes, Aleix"]
[Result "1/2-1/2"]
[WhiteElo "1267"]
[BlackElo "1569"]
[PlyCount "109"]
[EventDate "2019.03.30"]
[EventType "swiss"]
[EventRounds "8"]
[EventCountry "ESP"]
[SourceTitle "EXT 2020"]
[Source "ChessBase"]
[SourceDate "2019.10.17"]
[SourceVersion "1"]
[SourceVersionDate "2019.10.17"]
[SourceQuality "1"]

1. d4 e5 2. d5 Bb4+ 3. Bd2 Qe7 4. e4 Nf6 5. a3 Bxd2+ 6. Nxd2 d6 7. Bd3 Bg4 8. Ngf3 0-0 9. h3 Bh5 10. Qe2 Nbd7 11. Nc4 Nc5 12. Ne3 Bg6 13. Ng5 h6 14. Nf3 Bxe4 15. Bxe4 Nfxe4 16. Nf5 Qd7 17. g4 Nf6 18. Nxh6+ gxh6 19. g5 hxg5 20. Nxg5 Qf5 21. Rg1 Kh8 22. 0-0-0 Nh7 23. Qh5 Qg6 24. Qxg6 fxg6 25. Rg4 Nxg5 26. Rxg5 Kh7 27. Rdg1 Rf6 28. R1g4 Kg7 29. h4 Kf7 30. h5 Rg8 31. h6 Rh8 32. Rh4 Rh7 33. b4 Nd7 34. Rh2 Rf5 35. Rg3 Nf6 36. c4 Nh5 37. Rc3 c6 38. dxc6 bxc6 39. c5 d5 40. b5 Ke6 41. bxc6 Rc7 42. h7 Rxh7 43. Rb3 Rff7 44. Rb8 Rc7 45. Rg8 Rhg7 46. Re8+ Kf5 47. Rh3 Rxc6 48. Rf3+ Nf4 49. Rf8+ Ke6 50. Re3 Rxc5+ 51. Kd2 Re7 52. Rxf4 Rb5 53. Rg4 Kf5 54. Reg3 Re6 55. Rg5+ 1/2-1/2